| 000 | 01907nam a22004217a 4500 | ||
|---|---|---|---|
| 001 | 000047269 | ||
| 003 | CHAP | ||
| 005 | 20220329140040.0 | ||
| 008 | 971013s1963 r 00010 d | ||
| 010 | _a46209 | ||
| 011 | _a47181 | ||
| 035 | _a51323 | ||
| 040 | _cCHAP | ||
| 082 |
_a382.098 _bU55 1958 |
||
| 100 | 0 | 0 |
_aUnión Panamericana. _9116248 |
| 245 | 0 | _aComercio internacional de América Latina, 1958. | |
| 260 |
_aWashington : _bUnión Panamericana, _c1963. |
||
| 300 | _a4 v. y sup. | ||
| 500 | _aLa biblioteca tiene: v.1 Resumen del comercio de América Latina con el mundo.- v.2 Comercio de América Latina de productos seleccionados de la CUCI con el hemisferio occidental.- v.3 B. Comercio de América latina de productores seleccionados de la CU -- v.4 Comercio de América Latina de productos seleccionados de la CUCI con el resto del mundo: Europa Oriental, Rusia, Africa, Medio Oriente, Asia y Oceanía. | ||
| 590 |
_aBATCH-UPD _b10 _c20130110 _lUCH01 _h0027 |
||
| 590 |
_aBATCH-UPD _b10 _c20130110 _lUCH01 _h1333 |
||
| 590 |
_aBATCH-UPD _b10 _c20130409 _lUCH01 _h2008 |
||
| 590 |
_aBATCH-UPD _b10 _c20130410 _lUCH01 _h0837 |
||
| 590 |
_aBATCH-UPD _b10 _c20130914 _lUCH01 _h1013 |
||
| 590 |
_aCONVERSION _b10 _c20130109 _lUCH01 _h1325 |
||
| 590 |
_aE6096MTM _b05 _c20160525 _lUCH01 _h1407 |
||
| 590 |
_aE6096MTM _b05 _c20160525 _lUCH01 _h1409 |
||
| 590 |
_aE6339RRR _b05 _c20190430 _lUCH01 _h1208 |
||
| 650 | 1 | 4 |
_aComercio internacional. _925641 |
| 650 | 1 | 4 |
_aComercio _xAmérica Latina. _925560 |
| 901 | _aBK | ||
| 942 | _cLIBRO | ||
| 942 | _n0 | ||
| 949 |
_a382.098 U55 1958 _bBC _cLIBRO _d33724000432134 _eLIBRO _fv.2 _h7143 _i51323 _si |
||
| 949 |
_a382.098 U55 1958 _bBC _cLIBRO _d33724000432290 _eLIBRO _fv.3 _h7144 _i51323 _si |
||
| 949 |
_a382.098 U55 1958 _bBC _cLIBRO _d33724000432308 _eLIBRO _fv.4 _h7145 _i51323 _si |
||
| 949 |
_a382.098 U55 1958 _bBC _cLIBRO _d33724000432332 _eLIBRO _fv.1 _h7142 _i51323 _si |
||
| 999 |
_c46209 _d46209 |
||